000 00350 a2200109 4500
001 ART_11169
005 20260410161855.0
008 260409a
245 1 0 _aLa demanda de carne vacuna en Argentina y en el Mercado Internacional
100 1 _aFrediani, Ramón O.
773 0 _tRevista de Economía
_g- Nº 35 (dic. 1982)
_wREV11077
999 _c25372
_d25372